MARC

LEADER 00000nam0a2200000 4500
001 6634
005 20231101204506.0
010 |a 5256013599 
035 |a (RuTPU)RU\TPU\book\6671 
035 |a BOOK00006728 
090 |a 6634 
100 |a 20011209d1997 km y0rusy50 ca 
101 1 |a rus  |c eng 
102 |a RU 
105 |a y z 000zy 
200 1 |a Введение в технологию ATM  |e пер. с англ.  |f М. Буассо, М. Деманж, Ж.-М. Мюнье 
210 |a Москва  |c Радио и связь  |d 1997 
215 |a 128 с. 
606 1 |a ATM (Asynchronous Transfer Mode)  |2 stltpush  |3 (RuTPU)RU\TPU\subj\71573  |9 85430 
610 1 |a информация 
610 1 |a сигналы 
610 1 |a связь 
610 1 |a сети 
610 1 |a коммутация 
610 1 |a режим асинхронный 
610 1 |a архитектура 
675 |a 621.391  |v 3 
700 1 |a Буассо  |b М.  |g Марк 
701 1 |a Деманж  |b М.  |g Мишель 
701 1 |a Мюнье  |b Ж.-М.  |g Жан-Мари 
801 0 |a RU  |b 63413507  |c 20011209  |g PSBO 
801 2 |a RU  |b 63413507  |c 20170320  |g PSBO 
900 |a Информационные технологии 
942 |c BK